Công nghệ bê tông nhẹ
Sách trình bày khá đầy đủ cơ sở công nghệ: công nghệ bê tông nhẹ và bê tông tổ ong, giúp cho sinh viên chuyên ngành và các ngành có liên quan nghiên cứu sâu hơn các vấn đề lien quan tới việc tổ chức đúng đắn các quá trình công nghệ....
Đã lưu trong:
| 主要作者: | |
|---|---|
| 格式: | 图书 |
| 语言: | Undetermined |
| 出版: |
Hà Nội
Xây dựng
2010
|
| 标签: |
添加标签
没有标签, 成为第一个标记此记录!
|
| Thư viện lưu trữ: | Trung tâm Học liệu Trường Đại học Cần Thơ |
|---|
| LEADER | 00888nam a2200193Ia 4500 | ||
|---|---|---|---|
| 001 | CTU_180006 | ||
| 008 | 210402s9999 xx 000 0 und d | ||
| 020 | |c 52000 | ||
| 082 | |a 624.18 | ||
| 082 | |b Ph309 | ||
| 100 | |a Nguyễn, Văn Phiêu | ||
| 245 | 0 | |a Công nghệ bê tông nhẹ | |
| 245 | 0 | |c Nguyễn Văn Phiêu, Nguyễn Văn Chánh | |
| 260 | |a Hà Nội | ||
| 260 | |b Xây dựng | ||
| 260 | |c 2010 | ||
| 520 | |a Sách trình bày khá đầy đủ cơ sở công nghệ: công nghệ bê tông nhẹ và bê tông tổ ong, giúp cho sinh viên chuyên ngành và các ngành có liên quan nghiên cứu sâu hơn các vấn đề lien quan tới việc tổ chức đúng đắn các quá trình công nghệ. | ||
| 904 | |i Trinh | ||
| 980 | |a Trung tâm Học liệu Trường Đại học Cần Thơ | ||